00720pam a2200241 i 450000100060000000300080000600500170001400800390003102000150007003500190008504000230010404100080012708200260013510000230016124500400018426000400022430000210026449000530028550000200033850400300035860000570038865000330044523961BD-RjUL20211209001006.0140312s1981 mau b 001 0 eng a080576450X a(BD-RjUL)24026 aDLCcDLCdDLCbeng aeng00a895.134219bKAL 19811 aKao, Hsin-sheng C.10aLi Ju-chen /cby Hsin-sheng C. Kao. aBoston :bTwayne Publishers,c1981. a149 p. ;c22 cm.0 aTwayne's world authors series ; TWAS 608 : China aIncludes index. aBibliography: p. 137-146.10aLi, Ju-chen,dapproximately 1763-approximately 1830. 0aAuthors, ChinesexBiography.